Logo BPK

Biblioteka

Politechniki Koszalińskiej

Kurs fizyki. (Rekord nr 10275)

Szczegóły MARC
000 -ETYKIETA REKORDU
podpole kontrolne o stałej długości 00749nam a2200253 i 4500
001 - NUMER KONTROLNY REKORDU
pole kontrolne bg
003 - IDENTYFIKATOR NUMERU KONTROLNEGO REKORDU
podpole kontrolne BPK
005 - DATA OSTATNIEJ MODYFIKACJI REKORDU
podpole kontrolne 20190719115212.0
008 - POLE O STAŁEJ DŁUGOŚCI - DANE KONTROLNE
podpole kontrolne o stałej długości s1989 pl f f |000 0 pol
040 ## - ŹRÓDŁO KATALOGOWANIA
Instytucja, która utworzyła rekord BPK
041 ## - KOD JĘZYKA
Kod języka tekstu pol
080 ## - UNIWERSALNA KLASYFIKACJA DZIESIĘTNA - UKD
UKD 53
080 ## - UNIWERSALNA KLASYFIKACJA DZIESIĘTNA - UKD
UKD (075.8)
100 1# - NAZWA OSOBOWA
Nazwa osobowa Savel'ev, Igor' Vladimirovič
245 00 - TYTUŁ/ODPOWIEDZIALNOŚĆ
Tytuł Kurs fizyki.
Oznaczenie części/sekcji dzieła T. 2,
Tytuł części/sekcji dzieła Elektryczność i magnetyzm. Fale. Optyka /
Pozostałe elementy strefy tytułu i oznaczenia odpowiedzialności I.W. Sawieliew.
246 30 - WARIANT TYTUŁU
Tytuł Elektryczność i magnetyzm
246 30 - WARIANT TYTUŁU
Tytuł Fale
246 30 - WARIANT TYTUŁU
Tytuł Optyka
246 10 - WARIANT TYTUŁU
Treść wyrażenia wprowadzającego Tyt. oryg.:
Tytuł Kurs obščej fiziki.
Oznaczenie części/sekcji dzieła T. 2,
Tytuł części/sekcji dzieła Električestvo i magnetizm ; Volny ; Optika
260 ## - STREFA ADRESU WYDAWNICZEGO
Miejsce wydania Warszawa :
Nazwa wydawcy/dystrybutora PWN,
Data publikacji, dystrybucji/powstania dokumentu 1989.
650 #4 - HASŁO PRZEDMIOTOWE W FORMIE NAZWY OGÓLNEJ LUB JEDNOSTKOWEJ
Nazwa ogólna lub geograficzna Fizyka
Określnik ogólny szkoły wyższe.
655 ## - TERMIN INDEKSOWY - OKREŚLENIE RODZAJU/FORMY DOKUMENTU
Określenie rodzaju/formy dokumentu Podręczniki akademickie
942 ## - DODATKOWE ELEMENTY (KOHA)
Typ dokumentu Książka
Schemat klasyfikacji Uniwersalna Klasyfikacja Dziesiętna
Egzemplarze
Wycofany Status egzemplarza Uszkodzony Dostępność Lokalizacja stała Lokalizacja bieżąca Miejsce przechowywania Sygnatura Kod kreskowy Typ dokumentu
      Dostępny Biblioteka Politechniki Koszalińskiej Biblioteka Politechniki Koszalińskiej Wypożyczalnia BG P 38886 01350623 Książka
© 2023 Biblioteka Politechniki Koszalińskiej :: KOHA